000 00652nam a2200277Ia 4500
005 20260324144724.0
008 008 260324s9999 xx 000 0 eng d
020 _a9781315756172
037 _aEBOOK
040 _aCRL
040 _beng
040 _cCRL
041 _2eng
041 _aeng
084 _qCRL
100 _aB. J. Moore-Gilbert
_91220369
245 0 _aKipling and Orientalism (Routledge Revivals)
260 _bTaylor and Francis
260 _c1986
365 _a
365 _b240
856 _uhttp://www.taylorfrancis.com/books/9781315756172
942 _cEBOOK
999 _c1827333
_d1827333